Opera pre sviatočné dni

Bibliographic Details
Main Author: rb (Author)
Format: Article
Language:Slovak
PhysicalDescription:Obr. 3.
Subjects:

MARC

LEADER 00000nab a2200000 a 4500
001 vtls000093197
003 SK-MaSNL
005 20260305015704.0
008 160202c1981 xo 0 slo
015 |a SNBRB19rr/mm-uuuuu 
035 |a CL0103300 
040 |a SNKBUCL  |b slo  |c SNKBUCL  |e AACR2 
041 0 |a slo 
044 |a xo  |c SK 
080 |a 792.5  |2 1981 
100 1 |a rb  |4 aut  |9 854137 
245 1 0 |a Opera pre sviatočné dni  |c RB 
300 |b Obr. 3. 
600 1 7 |a Smetana, Bedřich,  |d 1824-1884  |2 snkbucl  |9 116806 
610 2 7 |a Národní divadlo v Praze  |2 snkbucl  |9 185045 
651 7 |a 3100  |2 snkbucl  |9 920766 
655 7 |a články z novín a časopisov  |2 snkbucl  |9 267496 
773 0 |t Život  |g Roč. 31, č. 23 (1981), s. 17 
850 |a Slovenská národná knižnica v Martine  |a MTA001 
852 |a SNK  |b KIS3GCP 
958 |a RK 
958 |a CZ 
992 |a RBX 
999 |c 3276539  |d 3278469